Ca dao - tục ngữ - thành ngữ Quảng Bình
Giới thiệu một số bài ca dao, tục ngữ, thành ngữ, địa danh tiêu biểu của tỉnh Quảng Bình về các chủ điểm tình yêu, gia đình, vợ chồng...
Guardat en:
| Autor principal: | |
|---|---|
| Format: | Llibre |
| Idioma: | Undetermined |
| Publicat: |
Hà Nội
Hội nhà văn
2019
|
| Matèries: | |
| Etiquetes: |
Afegir etiqueta
Sense etiquetes, Sigues el primer a etiquetar aquest registre!
|
| Thư viện lưu trữ: | Trung tâm Học liệu Trường Đại học Cần Thơ |
|---|
| LEADER | 00787nam a2200193Ia 4500 | ||
|---|---|---|---|
| 001 | CTU_236640 | ||
| 008 | 210402s9999 xx 000 0 und d | ||
| 082 | |a 398.809597 | ||
| 082 | |b V115 | ||
| 100 | |a Đỗ, Duy Văn | ||
| 245 | 0 | |a Ca dao - tục ngữ - thành ngữ Quảng Bình | |
| 245 | 0 | |c Đỗ Duy Văn | |
| 260 | |a Hà Nội | ||
| 260 | |b Hội nhà văn | ||
| 260 | |c 2019 | ||
| 520 | |a Giới thiệu một số bài ca dao, tục ngữ, thành ngữ, địa danh tiêu biểu của tỉnh Quảng Bình về các chủ điểm tình yêu, gia đình, vợ chồng... | ||
| 650 | |a Thơ dân gian Việt Nam,Folk poetry, Vietnamese | ||
| 650 | |z Việt Nam | ||
| 980 | |a Trung tâm Học liệu Trường Đại học Cần Thơ | ||